00438nam a2200169Ia 4500001000900000003000500009005001700014008004100031010001100072040000900083082001300092100002300105245005200128260003800180300001100218650003900229dia_3033CHAP20230314114958.0220117s1996 xx 000 0 und d a173538 cCHAP a725.4 T6 aTompkins, James A. aFacilitles Planning /c by James A. Tompkins aNew york, John Wiley & Sonsc1996 a734 p. aFabricaxdiseño y construcción